| 000 | 01229 a2200241 4500 | ||
|---|---|---|---|
| 005 | 20080911125030.0 | ||
| 008 | 080911t xxu||||| |||| 00| 0 hin d | ||
| 010 | _aHIN-79672 | ||
| 020 |
_c400.00 _a8187445114 |
||
| 035 | _aHN-52018 | ||
| 037 | _bD.B.Act / pub | ||
| 082 | _a320.55 | ||
| 100 | _aसुथार, हुकमाराम | ||
| 245 |
_aगाँधी और तिलक धर्म एवं राष्ट्रवाद _cहुकमाराम सुथार |
||
| 246 |
_aGandhi aur Tilak dharam avam rastravad _bby Hukamaram Suthar |
||
| 260 |
_aजयपुर _bरितु पब्लिकेशन्स _c2005 |
||
| 270 |
_a28, सीतारामपुरी, आमेर रोड _bजयपुर _e302002 _k2633319 |
||
| 300 |
_a191पृ _c22 सेमी (सजिल्द) |
||
| 500 | _aincludes bibligraphical references | ||
| 520 | _aThe book describes comparative study between Gandhi and Tilak | ||
| 942 |
_adpl _cHN _k320.55 / सुथार _2ddc _h320.55 _mसुथार |
||
| 999 |
_c3367 _d3367 |
||